000
00307nam a2200121Ia 4500
005
20251222155146.0
008
251222s9999||||xx |||||||||||||| ||spa||
082
_a
NUT.38
100
_a
MINISTERIO DE SALUD.
245
0
_a
Normas técnico administrativos atención integral
264
_b
Minsa
942
_c
LIB
999
_c
39371
_d
39371